000 01590nam a2200289 a 4500
001 000023830
005 20240425124717.0
008 110114s1992 dr 000 0 spa d
040 _aDO-SdBNP
_bspa
_cBNPHU
082 _a306.362
_bL768p
100 1 _aLiriano, Alejandro
_949040
245 1 3 _aEl papel de la mujer de origen africano en el Santo Domingo colonial :
_bsiglos XVI-XVII /
_cAlejandro Liriano.
260 _aSanto Domingo :
_bCIPAC,
_c1992.
300 _a77 P. ;
_c22 cm.
490 1 _aConcurso de Investigación
500 _aIncluye referencias bibliográficas y notas al pie de páginas.
504 _aBibliografía: p. 75-77.
505 0 _gIntroducción --
_tLa esclavitud colonial y la necesidad de fuerza de trabajo africana --
_tDemanda de mujeres en las solicitudes de esclavos africanos --
_tValor de las mujeres de África: razón que explica el bajo número de las mismas durante la trata de esclavos --
_tPeso de la legislación colonial sobre las mujeres de origen africano --
_tLos oficios de las mujeres africanas en Santo Domingo --
_gA manera de conclusión --
_gAnexos --
_gBibliografía mínima.
590 _aInventariado, 2018/MFF
650 4 _aMujeres esclavas
_930640
650 0 _aMujeres en República Dominicana
_92066
650 4 _aMujeres negras
_zRepública Dominicana
_xHistora
_yGOBIERNO COLONIAL ESPAÑOL, 1511-1795
_945539
650 0 _aEsclavitud
_913499
710 2 _aCentro de Investigación para la Acción Femenina (República Dominicana)
_922613
830 0 _aConcurso de Investigación
_917933
910 _aValidado. Control de calidad EMS
999 _c23326
_d23326